000 00433nam a2200169Ia 4500
008 220531s9999 xx 000 0 und d
041 _amar
100 _aकुलकर्णी विजय
_936552
245 _aस्‍थरबुध्‍दीयोग
250 _a1ST
260 _bDasbodh
_c1999
300 _a272
542 _d31-03-2000
650 _aMarathi
_936553
906 _d1999-2000
999 _c22308
_d22308